000 00471nam a2200181Ia 4500
005 20250508150737.0
008 008 250505s9999 xx 000 0 eng d
037 _aTextual
040 _aFEDL
_beng
_cFEDL
041 _aeng
_2eng
084 _a371.33, QUI
_qFEDL
100 _aQuiller-Couch Arthur
245 0 _aLecture on lectures introductory Vol.
260 _c1927
300 _a48p.
942 _cTEXL
_h371.33, QUI
999 _c1325407
_d1325407